| 000 | 00507nam a2200181Ia 4500 | ||
|---|---|---|---|
| 999 |
_c14266 _d14266 |
||
| 003 | OSt | ||
| 005 | 20201104094207.0 | ||
| 008 | 190216s9999||||xx |||||||||||||| ||und|| | ||
| 020 | _a853261890 | ||
| 040 | _coclc | ||
| 082 |
_a843.8 _bMAU/B |
||
| 100 |
_aGuyde, Mauppassant _96241 |
||
| 245 |
_aThe Best Short Stories / _cGuy de Maupassant |
||
| 260 |
_bWordsworth Classic, _aLondon: _c1997. |
||
| 300 | _a237p | ||
| 650 | _aEnglish | ||
| 942 |
_cBK _2ddc _h843.8 _iMAU/B _k843.8 _mMAU/B |
||